000 00251nam a22001097a 4500
082 _a823
_bVEN/W
100 _aVENUS, PRAMEELA
245 _aTHE WISHING CARPET
246 _aTHE WISHING CARPET
_bTHE WISHING CARPET
650 _aENGLISH STORY
942 _cBK
999 _c8803
_d8803